00981nam a22002537a 450000500170000001000130001702000220003003500130005203700160006504000120008108200130009324501170010626000360022327000380025930000260029765000250032365000280034870000300037670000310040694200220043799900190045995201250047895201240060320170124110241.0 aA-447457 c00.00a0831742127 aA-447457 bCen Lib/Ret aDPLbEN a909bHAL aHistory of the world :cedited by John Whitnry Hall [and] John grayson kirkbearliest times of the renaissance / bGallery Books aNew Delhic1988 a112 SherwoodbNew DelhieCT 06830 a300p.c29cm(Hb)bill. aWorld history995024 aHistory, Ancient987744 aHall, John Whitney995025 a kirk, John Grayson995026 2ddccENh909mHAL c135190d135190 001040718REFaLbLd2015-10-03eCen Lib/Retg0.00l0o909 HALpA-447457r2015-10-03 00:00:00t1v0.00w2015-10-03yEN 00102ddc40718REFaLbLd2016-11-27eCen Lib/Retl0o909 HALpA-447461r2016-11-27 00:00:00t2v0.00w2016-11-27yEN